000 00448nam a2200157 i 4500
001 52057
003 ES-MaACL
005 20230906162512.0
007 t|
008 030825s1958 cu ||||1| spa d
100 1 _aChofre, Francisco.
_938590
245 1 0 _aUnos cuentos /
_cFrancisco Chofre, Ramón Azarloza.
260 _aLa Habana :
_b[s.n.],
_c1958 (
_fTip. Modas Magazine)
300 _a125 p. ;
_c24 cm.
852 _aES-MaACL
_jC-20102
_bR.42696
999 _c52057
_d52057